[Event "Wch U20"]
[Site "Yerevan"]
[Date "1999.09.30"]
[Round "13"]
[White "Charbonneau, Pascal"]
[Black "Jakupovic, Neven"]
[Result "0-1"]
[WhiteElo "2339"]
[BlackElo "2263"]
[PlyCount "144"]
[GameId "1166642088636416"]
[EventDate "1999.09.18"]
[EventType "swiss"]
[EventRounds "13"]
[EventCountry "ARM"]
[SourceTitle "CBM 072 Extra"]
[Source "ChessBase"]
[SourceDate "1999.11.18"]
[SourceVersion "1"]
[SourceVersionDate "1999.11.18"]
[SourceQuality "1"]

1. e4 c6 2. d4 d5 3. exd5 cxd5 4. c4 Nf6 5. Nc3 Nc6 6. Nf3 g6 7. cxd5 Nxd5 8. Qb3 Nxc3 9. Bc4 Nd5 10. Bxd5 e6 11. Bxc6+ bxc6 12. O-O Qd5 13. Bf4 Bg7 14. Qa3 Bf8 15. Qc3 Bg7 16. Rfc1 O-O 17. Be5 f6 18. Bg3 Bb7 19. Qe3 Rf7 20. Rc5 Qd7 21. Re1 Re8 22. h4 Bf8 23. Rcc1 Qd5 24. a3 a5 25. Qc3 h6 26. Qc2 Rg7 27. Qc4 Rd7 28. Qxd5 cxd5 29. Rc3 Kf7 30. Rec1 Ba6 31. Rc6 Bb7 32. Rb6 Rc8 33. Rxc8 Bxc8 34. Rb8 Bb7 35. Nd2 a4 36. Nb1 e5 37. dxe5 Bc5 38. exf6 Kxf6 39. Nc3 Ba7 40. Rf8+ Kg7 41. Rf3 d4 42. Rd3 Bc6 43. Be5+ Kf7 44. Ne2 Bb5 45. Rd2 d3 46. Nc3 Bc6 47. Bf4 Kg7 48. Be3 Bb8 49. f4 Kf6 50. Nd1 h5 51. g3 Kf5 52. Kf2 Bc7 53. Bc5 Ba5 54. Nc3 Bb5 55. Rd1 Bc4 56. Ke3 Rd8 57. Bd4 Rb8 58. Rb1 Re8+ 59. Be5 Bb6+ 60. Kd2 Bf2 61. Nd1 Bb6 62. Ne3+ Bxe3+ 63. Kxe3 Rd8 64. Kd2 Bb3 65. Re1 Bc2 66. Bc7 Rc8 67. Re5+ Kg4 68. Rg5+ Kf3 69. Be5 Bb1 70. Bc3 Re8 71. Rxg6 Re2+ 72. Kc1 d2+ 0-1

[Event "Wch U16"]
[Site "Oropesa del Mar"]
[Date "1999.10.25"]
[Round "2"]
[White "Alcazar Jimenez, Jesus Alberto"]
[Black "Charbonneau, Pascal"]
[Result "0-1"]
[WhiteElo "2177"]
[BlackElo "2339"]
[PlyCount "58"]
[GameId "1166642194919424"]
[EventDate "1999.10.24"]
[EventType "swiss"]
[EventRounds "11"]
[EventCountry "ESP"]
[SourceTitle "CBM 072 Extra"]
[Source "ChessBase"]
[SourceDate "1999.11.18"]
[SourceVersion "1"]
[SourceVersionDate "1999.11.18"]
[SourceQuality "1"]

1. e4 c5 2. Nc3 a6 3. Nf3 e6 4. d4 cxd4 5. Nxd4 Qc7 6. g3 Nf6 7. Bg2 Nc6 8. O-O Bc5 9. Nb3 Be7 10. Be3 d6 11. Na4 Nd7 12. f4 b5 13. Nc3 O-O 14. a4 b4 15. Ne2 Nb6 16. Qd3 a5 17. Qb5 Nd7 18. Qh5 Ba6 19. Rf2 g6 20. Qh3 Bxe2 21. Rxe2 Bf6 22. Rf1 Bxb2 23. f5 Rfe8 24. fxg6 fxg6 25. Rf7 Bg7 26. Rf1 Nde5 27. Ref2 Qe7 28. Bh6 Bxh6 29. Qxh6 Ng4 0-1

[Event "Wch U16"]
[Site "Oropesa del Mar"]
[Date "1999.10.27"]
[Round "4"]
[White "Fernandez Romero, Ernesto"]
[Black "Charbonneau, Pascal"]
[Result "1/2-1/2"]
[WhiteElo "2214"]
[BlackElo "2339"]
[PlyCount "47"]
[GameId "1166642195091456"]
[EventDate "1999.10.24"]
[EventType "swiss"]
[EventRounds "11"]
[EventCountry "ESP"]
[SourceTitle "CBM 072 Extra"]
[Source "ChessBase"]
[SourceDate "1999.11.18"]
[SourceVersion "1"]
[SourceVersionDate "1999.11.18"]
[SourceQuality "1"]

1. e4 c5 2. Nc3 Nf6 3. Nge2 g6 4. d4 cxd4 5. Nxd4 Bg7 6. Be3 Nc6 7. Bc4 Qa5 8. O-O O-O 9. Nb3 Qc7 10. Bg5 a6 11. Be2 e6 12. Qd2 b5 13. a3 Ne5 14. Qf4 Ne8 15. Be7 Bb7 16. Bxf8 Bxf8 17. Rad1 f5 18. Qh4 fxe4 19. Nd4 Nd6 20. Qg3 Bg7 21. h4 Nf5 22. Nxf5 gxf5 23. h5 f4 24. Qh3 1/2-1/2

[Event "Wch U16"]
[Site "Oropesa del Mar"]
[Date "1999.10.28"]
[Round "5"]
[White "Charbonneau, Pascal"]
[Black "Stoma, Pawel"]
[Result "1-0"]
[WhiteElo "2339"]
[BlackElo "2189"]
[PlyCount "125"]
[GameId "1166642195169280"]
[EventDate "1999.10.24"]
[EventType "swiss"]
[EventRounds "11"]
[EventCountry "ESP"]
[SourceTitle "CBM 072 Extra"]
[Source "ChessBase"]
[SourceDate "1999.11.18"]
[SourceVersion "1"]
[SourceVersionDate "1999.11.18"]
[SourceQuality "1"]

1. e4 c5 2. c3 g6 3. d4 cxd4 4. cxd4 d5 5. e5 Bg7 6. Nc3 Nh6 7. Qb3 Nc6 8. Be3 Nf5 9. Nf3 O-O 10. Bd3 Nxe3 11. fxe3 Bh6 12. Kf2 e6 13. Rhe1 f6 14. exf6 Qxf6 15. Kg1 Qe7 16. Rad1 Bd7 17. Bf1 Rac8 18. e4 Na5 19. Qc2 Qd6 20. Qf2 Rf7 21. Qh4 Kg7 22. exd5 exd5 23. Re5 Bc6 24. Rde1 Rcf8 25. a3 Nb3 26. Bd3 Nd2 27. Ng5 Bxg5 28. Qxg5 Ne4 29. Bxe4 dxe4 30. Qe3 Rd8 31. Rd1 Qf6 32. h3 Qf4 33. Qxf4 Rxf4 34. d5 Kf6 35. g3 Rf3 36. Rxe4 Rxg3+ 37. Kh2 Rxc3 38. bxc3 Rxd5 39. Rxd5 Bxd5 40. Re8 h5 41. Rf8+ Ke5 42. Kg3 g5 43. Rh8 h4+ 44. Kg4 Be6+ 45. Kxg5 Bxh3 46. Rxh4 Bg2 47. Rd4 Bd5 48. Kg4 b5 49. a4 a6 50. a5 Kd6 51. Rf4 Kc5 52. Rb4 Bc4 53. Kf4 Kd5 54. Ke3 Kc5 55. Kd2 Kd5 56. Rb1 Kc5 57. Rh1 Bd5 58. Rh4 Bg2 59. Rh6 Bb7 60. Kd3 Bf3 61. Rxa6 b4 62. cxb4+ Kxb4 63. Rf6 1-0

[Event "Wch U16"]
[Site "Oropesa del Mar"]
[Date "1999.10.29"]
[Round "6"]
[White "Almagro Llamas, Pablo"]
[Black "Charbonneau, Pascal"]
[Result "0-1"]
[WhiteElo "2132"]
[BlackElo "2339"]
[PlyCount "122"]
[GameId "1166642195243008"]
[EventDate "1999.10.24"]
[EventType "swiss"]
[EventRounds "11"]
[EventCountry "ESP"]
[SourceTitle "CBM 072 Extra"]
[Source "ChessBase"]
[SourceDate "1999.11.18"]
[SourceVersion "1"]
[SourceVersionDate "1999.11.18"]
[SourceQuality "1"]

1. e4 c5 2. Nc3 Nc6 3. Nge2 e6 4. d4 cxd4 5. Nxd4 Qc7 6. g3 a6 7. Bg2 Nf6 8. O-O Nxd4 9. Qxd4 Bc5 10. Bf4 d6 11. Qd2 h6 12. Rad1 e5 13. Be3 Ke7 14. Bxc5 Qxc5 15. Na4 Qc6 16. f4 a5 17. Qd3 b5 18. fxe5 dxe5 19. Nc3 b4 20. Nd5+ Nxd5 21. exd5 Qd6 22. Qf3 f6 23. Rc1 Rb8 24. Rfd1 Re8 25. c4 Qc5+ 26. Kh1 Kd6 27. Qh5 Re7 28. Be4 b3 29. a3 Ba6 30. Rc3 a4 31. Rdc1 Rf8 32. Qg6 Bc8 33. h4 Rd8 34. Rf1 Kc7 35. Qh5 Rd6 36. Qe2 Kb6 37. h5 Rc7 38. g4 Ba6 39. Rfc1 Rd8 40. Qd2 Ka7 41. Kg2 Rdc8 42. Bf5 Rd8 43. Be4 Kb8 44. Qf2 Qxf2+ 45. Kxf2 Rc5 46. Bf5 Kc7 47. Ke3 Kd6 48. Be6 Rb8 49. Ke4 Ra8 50. Ke3 Ra7 51. Ke4 Rac7 52. Kd3 Ke7 53. Bg8 Bc8 54. Rg1 Kf8 55. Bh7 Ba6 56. Ke3 Ke7 57. Bd3 Kd6 58. Rgc1 Bc8 59. Rg1 Re7 60. Be4 Rec7 61. Rgc1 Bxg4 0-1

[Event "Wch U16"]
[Site "Oropesa del Mar"]
[Date "1999.11.01"]
[Round "8"]
[White "Acher, Mathieu"]
[Black "Charbonneau, Pascal"]
[Result "0-1"]
[WhiteElo "2219"]
[BlackElo "2339"]
[PlyCount "78"]
[GameId "1166642195406848"]
[EventDate "1999.10.24"]
[EventType "swiss"]
[EventRounds "11"]
[EventCountry "ESP"]
[SourceTitle "CBM 072 Extra"]
[Source "ChessBase"]
[SourceDate "1999.11.18"]
[SourceVersion "1"]
[SourceVersionDate "1999.11.18"]
[SourceQuality "1"]

1. e4 c5 2. Nc3 a6 3. Nf3 e6 4. d4 cxd4 5. Nxd4 Qc7 6. g3 Nf6 7. Bg2 Nc6 8. O-O Bc5 9. Nxc6 bxc6 10. Na4 Be7 11. c4 d6 12. Be3 Rb8 13. Qe2 c5 14. Rad1 O-O 15. b3 Nd7 16. f4 Bb7 17. Rfe1 Bc6 18. Nc3 Rfd8 19. Qd3 Qb7 20. Nd5 exd5 21. exd5 Bb5 22. cxb5 axb5 23. Bd4 Bf6 24. Bxf6 Nxf6 25. Re2 Rdc8 26. Rde1 Qa8 27. h3 Qa3 28. g4 c4 29. Qf5 c3 30. g5 Qc5+ 31. Kh2 Nh5 32. b4 g6 33. bxc5 gxf5 34. c6 Nxf4 35. Re7 Nd3 36. Bf1 Nxe1 37. Rxe1 Re8 38. Rxe8+ Rxe8 39. Bd3 c2 0-1

[Event "Wch U16"]
[Site "Oropesa del Mar"]
[Date "1999.11.02"]
[Round "9"]
[White "Rainfray, Arnaud"]
[Black "Charbonneau, Pascal"]
[Result "1/2-1/2"]
[WhiteElo "2422"]
[BlackElo "2339"]
[PlyCount "82"]
[GameId "1166642195550208"]
[EventDate "1999.10.24"]
[EventType "swiss"]
[EventRounds "11"]
[EventCountry "ESP"]
[SourceTitle "CBM 072 Extra"]
[Source "ChessBase"]
[SourceDate "1999.11.18"]
[SourceVersion "1"]
[SourceVersionDate "1999.11.18"]
[SourceQuality "1"]

1. e4 c5 2. Nf3 Nc6 3. c3 Nf6 4. e5 Nd5 5. d4 cxd4 6. Bc4 Nb6 7. Bb3 d5 8. exd6 Qxd6 9. O-O Be6 10. Na3 dxc3 11. Qe2 Bxb3 12. Nb5 Qb8 13. axb3 e5 14. Nfd4 Nxd4 15. Nxd4 Be7 16. Nf5 Bf6 17. Qb5+ Kf8 18. bxc3 g6 19. Qb4+ Kg8 20. Nh6+ Kg7 21. Ng4 g5 22. Nxf6 Kxf6 23. f4 Kg7 24. fxg5 Re8 25. Qh4 Qc7 26. c4 Kg8 27. Bb2 Nd7 28. Rf3 Nf8 29. Raf1 Rad8 30. Qf2 Rd7 31. Re3 Re6 32. Rfe1 Ng6 33. g3 Qd8 34. h4 Rd2 35. R1e2 Rd1+ 36. Kh2 f6 37. h5 Nf8 38. gxf6 Rxf6 39. Qg2 Nd7 40. Bxe5 Rf5 41. Qh3 Rxe5 1/2-1/2

[Event "Wch U16"]
[Site "Oropesa del Mar"]
[Date "1999.11.04"]
[Round "10"]
[White "Charbonneau, Pascal"]
[Black "Miton, Kamil"]
[Result "1/2-1/2"]
[WhiteElo "2339"]
[BlackElo "2401"]
[PlyCount "84"]
[GameId "1166642195578880"]
[EventDate "1999.10.24"]
[EventType "swiss"]
[EventRounds "11"]
[EventCountry "ESP"]
[SourceTitle "CBM 072 Extra"]
[Source "ChessBase"]
[SourceDate "1999.11.18"]
[SourceVersion "1"]
[SourceVersionDate "1999.11.18"]
[SourceQuality "1"]

1. e4 c5 2. c3 g6 3. d4 cxd4 4. cxd4 Bg7 5. Nc3 d6 6. h3 Nf6 7. Nf3 O-O 8. Bd3 Nc6 9. Be3 e5 10. O-O Nh5 11. dxe5 dxe5 12. Bc5 Re8 13. Bc4 Be6 14. Bxe6 fxe6 15. Qxd8 Rexd8 16. g3 Rd3 17. Kg2 Bf8 18. Be3 Rad8 19. Rac1 R3d7 20. Na4 Nf6 21. Bg5 Kg7 22. Rfe1 Bb4 23. Nc5 Bxc5 24. Rxc5 h6 25. Bc1 Rd1 26. Re3 g5 27. b3 g4 28. hxg4 Nxg4 29. Re2 Nb4 30. Rc7+ R8d7 31. Rxd7+ Rxd7 32. Bb2 Nd3 33. Ba1 Kf6 34. Rd2 Ke7 35. Bc3 b6 36. Kf1 a5 37. Ne1 Nc5 38. Rxd7+ Kxd7 39. f3 Nf6 40. Bxe5 Ke7 41. Ke2 Nfd7 42. Bf4 h5 1/2-1/2

[Event "Wch U16"]
[Site "Oropesa del Mar"]
[Date "1999.11.05"]
[Round "11"]
[White "Charbonneau, Pascal"]
[Black "Dominguez Perez, Leinier"]
[Result "1/2-1/2"]
[WhiteElo "2339"]
[BlackElo "2506"]
[PlyCount "66"]
[GameId "1166642195648512"]
[EventDate "1999.10.24"]
[EventType "swiss"]
[EventRounds "11"]
[EventCountry "ESP"]
[SourceTitle "CBM 072 Extra"]
[Source "ChessBase"]
[SourceDate "1999.11.18"]
[SourceVersion "1"]
[SourceVersionDate "1999.11.18"]
[SourceQuality "1"]

1. e4 c5 2. c3 Nf6 3. e5 Nd5 4. d4 cxd4 5. Nf3 Nc6 6. Bc4 Nb6 7. Bb3 d6 8. exd6 Qxd6 9. O-O Be6 10. Na3 Bxb3 11. Qxb3 e6 12. Rd1 Qd5 13. Nb5 Qxb3 14. axb3 Rd8 15. Nfxd4 Nxd4 16. Rxd4 Rxd4 17. Nxd4 a6 18. b4 Kd7 19. b5 axb5 20. Ra7 Bc5 21. Rxb7+ Kc8 22. Rxf7 Bxd4 23. cxd4 Rd8 24. Be3 Rd7 25. Rxd7 Kxd7 26. Kf1 Nc4 27. Bc1 Kc6 28. Ke2 Kd5 29. Kd3 Na5 30. f3 Nc6 31. Be3 Nb4+ 32. Kc3 Nc6 33. h4 h5 1/2-1/2

[Event "Olympiad-34"]
[Site "Istanbul"]
[Date "2000.10.31"]
[Round "4.2"]
[White "Georgiev, Kiril"]
[Black "Charbonneau, Pascal"]
[Result "1/2-1/2"]
[WhiteElo "2661"]
[BlackElo "2326"]
[PlyCount "82"]
[GameId "1166643071537152"]
[EventDate "2000.10.28"]
[EventType "team-swiss"]
[EventRounds "14"]
[EventCountry "TUR"]
[SourceTitle "EXT 2001"]
[Source "ChessBase"]
[SourceDate "2000.11.22"]
[SourceVersion "1"]
[SourceVersionDate "2000.11.22"]
[SourceQuality "1"]
[WhiteTeam "Bulgaria"]
[BlackTeam "Canada"]
[WhiteTeamCountry "BUL"]
[BlackTeamCountry "CAN"]

1. d4 d5 2. c4 dxc4 3. Nf3 Nf6 4. e3 e6 5. Bxc4 c5 6. O-O a6 7. dxc5 Bxc5 8. Qxd8+ Kxd8 9. Nbd2 Nbd7 10. Be2 b6 11. b3 Bb7 12. Bb2 Ke7 13. Rfd1 Rhc8 14. Ne1 Bb4 15. Nd3 Bxd2 16. Rxd2 Ne4 17. Ba3+ Ke8 18. Rb2 a5 19. Nf4 g6 20. Bf1 e5 21. Nd3 f6 22. f3 Nc3 23. Nf2 b5 24. b4 Bd5 25. e4 Be6 26. bxa5 Rxa5 27. Bb4 Rxa2 28. Raxa2 Nxa2 29. Bd2 b4 30. Bxb4 Nxb4 31. Rxb4 Rc1 32. Nd3 Rc2 33. h4 Ke7 34. Rb7 Kd6 35. Rb1 Rd2 36. Rc1 f5 37. Nf2 Nc5 38. Re1 fxe4 39. Nxe4+ Nxe4 40. Rxe4 Rd4 41. Rxe5 Kxe5 1/2-1/2

[Event "Olympiad-34"]
[Site "Istanbul"]
[Date "2000.11.01"]
[Round "5.4"]
[White "Charbonneau, Pascal"]
[Black "Barus, Cerdas"]
[Result "1/2-1/2"]
[WhiteElo "2326"]
[BlackElo "2435"]
[PlyCount "108"]
[GameId "1166643072475136"]
[EventDate "2000.10.28"]
[EventType "team-swiss"]
[EventRounds "14"]
[EventCountry "TUR"]
[SourceTitle "EXT 2001"]
[Source "ChessBase"]
[SourceDate "2000.11.22"]
[SourceVersion "1"]
[SourceVersionDate "2000.11.22"]
[SourceQuality "1"]
[WhiteTeam "Canada"]
[BlackTeam "Indonesia"]
[WhiteTeamCountry "CAN"]
[BlackTeamCountry "INA"]

1. e4 c6 2. d4 d5 3. exd5 cxd5 4. c4 Nf6 5. Nc3 e6 6. Nf3 Bb4 7. Bd3 O-O 8. O-O dxc4 9. Bxc4 b6 10. Bg5 Bb7 11. Ne5 Be7 12. Re1 Nc6 13. Ba6 Qc8 14. Qf3 Na5 15. Bxb7 Qxb7 16. Qxb7 Nxb7 17. Nc6 Bd6 18. Bxf6 gxf6 19. d5 Nd8 20. Rac1 Nxc6 21. dxc6 Rfc8 22. Ne4 Be7 23. g4 Rc7 24. Rc4 Rd8 25. a3 Rd5 26. b4 b5 27. Rcc1 a6 28. Kg2 Kg7 29. Re2 Bd6 30. Rcc2 Bf4 31. Rc3 f5 32. gxf5 Rxf5 33. Ng3 Rd5 34. Rec2 Be5 35. Re3 Rc8 36. Ne4 h6 37. h3 Kg6 38. Kf3 Kg7 39. Rc1 Kf8 40. Rc2 Ke7 41. a4 f5 42. Nc5 Rxc6 43. axb5 axb5 44. Rce2 Rdxc5 45. bxc5 Bd4 46. Rd3 Bxc5 47. Rc2 b4 48. Ke2 Rc7 49. Rg3 Kd6 50. Rg8 Ra7 51. Rd8+ Ke7 52. Rh8 Kd6 53. Rd8+ Ke7 54. Rh8 Kd6 1/2-1/2

[Event "Olympiad-34"]
[Site "Istanbul"]
[Date "2000.11.02"]
[Round "6.3"]
[White "Charbonneau, Pascal"]
[Black "Jacimovic, Dragoljub"]
[Result "1/2-1/2"]
[WhiteElo "2326"]
[BlackElo "2465"]
[PlyCount "44"]
[GameId "1166643073433600"]
[EventDate "2000.10.28"]
[EventType "team-swiss"]
[EventRounds "14"]
[EventCountry "TUR"]
[SourceTitle "EXT 2001"]
[Source "ChessBase"]
[SourceDate "2000.11.22"]
[SourceVersion "1"]
[SourceVersionDate "2000.11.22"]
[SourceQuality "1"]
[WhiteTeam "Canada"]
[BlackTeam "Macedonia"]
[WhiteTeamCountry "CAN"]
[BlackTeamCountry "MKD"]

1. e4 e6 2. d4 d5 3. Nd2 Nc6 4. Ngf3 Nf6 5. e5 Nd7 6. Nb3 a5 7. a4 Be7 8. Bb5 Ncb8 9. h4 b6 10. Ng5 h6 11. Nxe6 fxe6 12. Qh5+ Kf8 13. Rh3 Kg8 14. Rf3 Bf6 15. exf6 Nxf6 16. Qg6 c6 17. Bd3 Qe7 18. Bf4 Nbd7 19. Be5 c5 20. Qg3 c4 21. Bd6 Qd8 22. Bc7 Qe7 1/2-1/2

[Event "Olympiad-34"]
[Site "Istanbul"]
[Date "2000.11.05"]
[Round "8.4"]
[White "Inarkiev, Ernesto"]
[Black "Charbonneau, Pascal"]
[Result "1/2-1/2"]
[WhiteElo "2432"]
[BlackElo "2326"]
[PlyCount "39"]
[GameId "1166643075354624"]
[EventDate "2000.10.28"]
[EventType "team-swiss"]
[EventRounds "14"]
[EventCountry "TUR"]
[SourceTitle "EXT 2001"]
[Source "ChessBase"]
[SourceDate "2000.11.22"]
[SourceVersion "1"]
[SourceVersionDate "2000.11.22"]
[SourceQuality "1"]
[WhiteTeam "Kyrgyzstan"]
[BlackTeam "Canada"]
[WhiteTeamCountry "KGZ"]
[BlackTeamCountry "CAN"]

1. d4 d5 2. c4 dxc4 3. e3 Nf6 4. Bxc4 e6 5. Nf3 c5 6. O-O a6 7. Bb3 Nc6 8. Qe2 cxd4 9. Rd1 d3 10. Rxd3 Qc7 11. Rd1 Bc5 12. Nc3 O-O 13. a3 b5 14. Bd2 Bb7 15. Rac1 Qe7 16. Bc2 b4 17. Ne4 bxa3 18. Nxf6+ Qxf6 19. Be4 Nd8 20. Rxc5 1/2-1/2

[Event "Olympiad-34"]
[Site "Istanbul"]
[Date "2000.11.06"]
[Round "9.3"]
[White "Solak, Dragan"]
[Black "Charbonneau, Pascal"]
[Result "1-0"]
[WhiteElo "2490"]
[BlackElo "2326"]
[PlyCount "41"]
[GameId "1166643076247552"]
[EventDate "2000.10.28"]
[EventType "team-swiss"]
[EventRounds "14"]
[EventCountry "TUR"]
[SourceTitle "EXT 2001"]
[Source "ChessBase"]
[SourceDate "2000.11.22"]
[SourceVersion "1"]
[SourceVersionDate "2000.11.22"]
[SourceQuality "1"]
[WhiteTeam "Yugoslavia"]
[BlackTeam "Canada"]
[WhiteTeamCountry "YUG"]
[BlackTeamCountry "CAN"]

1. e4 c5 2. Nc3 Nc6 3. Bb5 g6 4. Bxc6 dxc6 5. d3 Bg7 6. Be3 b6 7. Qd2 Nf6 8. Bh6 O-O 9. Bxg7 Kxg7 10. f4 Qc7 11. Nf3 Ba6 12. b3 Rad8 13. Qe3 b5 14. O-O Qb6 15. Ne5 Ne8 16. a4 f6 17. Nf3 b4 18. a5 Qb8 19. Na4 Nd6 20. Nxc5 Bc8 21. Nd4 1-0

[Event "Olympiad-34"]
[Site "Istanbul"]
[Date "2000.11.08"]
[Round "11.3"]
[White "Badea, Bela"]
[Black "Charbonneau, Pascal"]
[Result "1/2-1/2"]
[WhiteElo "2480"]
[BlackElo "2326"]
[PlyCount "59"]
[GameId "1166643078107136"]
[EventDate "2000.10.28"]
[EventType "team-swiss"]
[EventRounds "14"]
[EventCountry "TUR"]
[SourceTitle "EXT 2001"]
[Source "ChessBase"]
[SourceDate "2000.11.22"]
[SourceVersion "1"]
[SourceVersionDate "2000.11.22"]
[SourceQuality "1"]
[WhiteTeam "Romania"]
[BlackTeam "Canada"]
[WhiteTeamCountry "ROU"]
[BlackTeamCountry "CAN"]

1. Nf3 d5 2. g3 c6 3. Bg2 Nf6 4. O-O Bg4 5. d3 Nbd7 6. Nbd2 e5 7. e4 Bd6 8. h3 Bh5 9. Qe1 O-O 10. Nh4 Re8 11. f4 exf4 12. gxf4 dxe4 13. dxe4 Nd5 14. Nb3 Nc5 15. Nf5 Nxb3 16. axb3 Bc5+ 17. Kh1 Bg6 18. Ng3 f5 19. e5 Qe7 20. c3 Rad8 21. b4 Bb6 22. Bd2 a6 23. Rd1 Rd7 24. Bc1 Red8 25. Qe2 Qe6 26. Qf3 Bf7 27. Rd3 g6 28. Rfd1 Qe7 29. Kh2 Nc7 30. Rxd7 1/2-1/2

[Event "Olympiad-34"]
[Site "Istanbul"]
[Date "2000.11.09"]
[Round "12.3"]
[White "Charbonneau, Pascal"]
[Black "Kiik, Kalle"]
[Result "1-0"]
[WhiteElo "2326"]
[BlackElo "2442"]
[PlyCount "55"]
[GameId "1166643079102464"]
[EventDate "2000.10.28"]
[EventType "team-swiss"]
[EventRounds "14"]
[EventCountry "TUR"]
[SourceTitle "EXT 2001"]
[Source "ChessBase"]
[SourceDate "2000.11.22"]
[SourceVersion "1"]
[SourceVersionDate "2000.11.22"]
[SourceQuality "1"]
[WhiteTeam "Canada"]
[BlackTeam "Estonia"]
[WhiteTeamCountry "CAN"]
[BlackTeamCountry "EST"]

1. e4 Nf6 2. e5 Nd5 3. d4 d6 4. Nf3 Bg4 5. Be2 c6 6. O-O Bxf3 7. Bxf3 dxe5 8. dxe5 e6 9. Qe2 Nd7 10. b3 Qc7 11. Re1 Bb4 12. Bd2 Bxd2 13. Nxd2 Nf4 14. Qe4 Ng6 15. Nc4 O-O 16. Bh5 Ne7 17. Rad1 Rad8 18. Nd6 g6 19. Bg4 Nd5 20. Qd4 c5 21. Qb2 Nb8 22. Bf3 Nc6 23. Bxd5 exd5 24. Rxd5 f6 25. f4 fxe5 26. fxe5 Nd4 27. Qc3 b6 28. Rxd4 1-0

[Event "Olympiad-34"]
[Site "Istanbul"]
[Date "2000.11.10"]
[Round "13.4"]
[White "Charbonneau, Pascal"]
[Black "Safin, Shukhrat"]
[Result "0-1"]
[WhiteElo "2326"]
[BlackElo "2518"]
[PlyCount "74"]
[GameId "1166643080056832"]
[EventDate "2000.10.28"]
[EventType "team-swiss"]
[EventRounds "14"]
[EventCountry "TUR"]
[SourceTitle "EXT 2001"]
[Source "ChessBase"]
[SourceDate "2000.11.22"]
[SourceVersion "1"]
[SourceVersionDate "2000.11.22"]
[SourceQuality "1"]
[WhiteTeam "Canada"]
[BlackTeam "Uzbekistan"]
[WhiteTeamCountry "CAN"]
[BlackTeamCountry "UZB"]

1. e4 e5 2. Nf3 Nc6 3. d4 exd4 4. Nxd4 Nf6 5. Nxc6 bxc6 6. e5 Qe7 7. Qe2 Nd5 8. c4 Ba6 9. b3 O-O-O 10. g3 f6 11. Bb2 Re8 12. Bg2 Qb4+ 13. Nd2 Bd6 14. a3 Qb6 15. O-O Bxe5 16. Bxe5 Rxe5 17. Qg4 Rg5 18. Qe4 Nc3 19. Qd3 Qd4 20. Qc2 Ne2+ 21. Kh1 Qc3 22. Qxc3 Nxc3 23. f4 Rg6 24. f5 Rg4 25. Rf2 Re8 26. Rc1 Ne2 27. Rc2 Nd4 28. Rc3 Rg5 29. Be4 c5 30. Kg1 Bb7 31. h4 Rg4 32. Bxb7+ Kxb7 33. Kg2 Re5 34. Nf1 Rge4 35. Rd3 Kc6 36. Nd2 Re3 37. Rxe3 Rxe3 0-1

[Event "ICC active"]
[Site "ICC INT"]
[Date "2001.??.??"]
[Round "?"]
[White "Charbonneau, Pascal"]
[Black "Lobron, Eric"]
[Result "1-0"]
[WhiteElo "2410"]
[BlackElo "2509"]
[PlyCount "183"]
[GameId "1166643253194752"]
[EventDate "2001.??.??"]
[EventType "k.o. (rapid)"]
[EventRounds "4"]
[EventCountry "USA"]
[SourceTitle "EXT 2002"]
[Source "ChessBase"]
[SourceDate "2001.11.25"]
[SourceVersion "1"]
[SourceVersionDate "2001.11.25"]
[SourceQuality "1"]

1. e4 c6 2. d4 d5 3. exd5 cxd5 4. c4 Nf6 5. Nc3 e6 6. Nf3 Bb4 7. Bd3 dxc4 8. Bxc4 O-O 9. O-O b6 10. Bg5 Bb7 11. Ne5 Be7 12. Re1 a6 13. Qb3 Nc6 14. Nxc6 Bxc6 15. Bxe6 Qxd4 16. Bxf7+ Kh8 17. Qe6 Ng4 18. Be3 Nxe3 19. Rxe3 Bg5 20. Rd1 Bxe3 21. Rxd4 Bxd4 22. Qxc6 Rad8 23. Ne2 Rxf7 24. Nxd4 Rfd7 25. g3 Rxd4 26. Qxb6 R4d6 27. Qb7 h6 28. h4 Rf6 29. Qb4 Rc8 30. Qe4 Rb6 31. b3 Rd6 32. Qb7 Rf8 33. a4 Rff6 34. Qc8+ Kh7 35. Qc2+ Kh8 36. Kg2 Rb6 37. g4 Rb4 38. f3 Rfb6 39. a5 Rb8 40. Qc6 Rxb3 41. Qxa6 Ra3 42. g5 hxg5 43. hxg5 Rf8 44. Qc4 Rxa5 45. Qh4+ Kg8 46. g6 Rf6 47. Qh7+ Kf8 48. Qh8+ Ke7 49. Qxg7+ Ke6 50. Qg8+ Ke7 51. g7 Rg5+ 52. Kf2 Rfg6 53. Qf8+ Kd7 54. Qf7+ Kd6 55. f4 Rg2+ 56. Kf3 R6g3+ 57. Ke4 Rxg7 58. Qf6+ Kd7 59. f5 Re7+ 60. Kf4 Rf2+ 61. Kg3 Rfe2 62. Qd4+ Ke8 63. Qh8+ Kf7 64. Qh5+ Kf8 65. Kf4 Rf2+ 66. Kg5 Rg7+ 67. Kf6 Rfg2 68. Qh8+ Rg8 69. Qh4 R2g4 70. Qh1 Ke8 71. Qc6+ Kd8 72. Qd6+ Kc8 73. Ke5 Re8+ 74. Kf6 Reg8 75. Qc6+ Kd8 76. Qb7 Rf8+ 77. Ke6 Re8+ 78. Kf6 Reg8 79. Ke6 Re8+ 80. Kf7 Rgg8 81. f6 Rgf8+ 82. Kg6 Rg8+ 83. Kf5 Rgf8 84. f7 Re2 85. Qd5+ Ke7 86. Qb7+ Kd8 87. Qb6+ Ke7 88. Qf6+ Kd7 89. Qd4+ Ke7 90. Qa7+ Kd8 91. Kf6 Rc2 92. Qe7+ 1-0

[Event "Elbow Beach Club GM-B"]
[Site "Paget Parish"]
[Date "2001.01.20"]
[Round "2"]
[White "Thorhallsson, Throstur"]
[Black "Charbonneau, Pascal"]
[Result "1/2-1/2"]
[WhiteElo "2462"]
[BlackElo "2410"]
[PlyCount "78"]
[GameId "1166643383607296"]
[EventDate "2001.01.19"]
[EventType "tourn"]
[EventRounds "11"]
[EventCountry "BER"]
[EventCategory "9"]
[SourceTitle "CBM 081"]
[Source "ChessBase"]
[SourceDate "2001.03.20"]
[SourceVersion "1"]
[SourceVersionDate "2001.03.20"]
[SourceQuality "1"]

1. e4 c5 2. Nc3 Nc6 3. Nge2 e6 4. f4 d5 5. d3 Nf6 6. e5 Nd7 7. g3 f6 8. Bh3 d4 9. Ne4 f5 10. Ng5 Nb6 11. O-O Be7 12. Nf3 O-O 13. g4 Nd5 14. Kh1 b6 15. a3 Bb7 16. Qe1 Kh8 17. Qg3 g6 18. Bg2 Qd7 19. h4 Ne3 20. Bxe3 dxe3 21. g5 Nd4 22. Nfxd4 cxd4 23. Bxb7 Qxb7+ 24. Qf3 Qxf3+ 25. Rxf3 Rfd8 26. Rff1 Rac8 27. Rfc1 Kg7 28. Kg2 b5 29. Kf3 h6 30. Rab1 hxg5 31. hxg5 a6 32. Ra1 Kf7 33. Rab1 Rd5 34. Ra1 Rdd8 35. Rab1 Rf8 36. Ng1 Rc7 37. Ne2 Rcc8 38. Ng1 Rc7 39. Ne2 Rcc8 1/2-1/2